Classifying Sexual Offenders: The Development and Corroboration of Taxonomic Models

Guardado en:  
Detalles Bibliográficos
Autores principales: Knight, Raymond A. (Autor) ; Prentky, R. A. 1947- (Autor)
Tipo de documento: Electrónico Artículo
Lenguaje:Inglés
Publicado: Plenum 1990
En:Enthalten in: The Handbook of Sexual Assault: Issues, Theories, and Treatment of the Offender (1990), NCJ 125291, Seite 23-52
Acceso en línea: Volltext (lizenzpflichtig)
Verificar disponibilidad: HBZ Gateway

MARC

LEADER 00000caa a22000002c 4500
001 1912481146
003 DE-627
005 20250127054935.0
007 cr uuu---uuuuu
008 241217s1990 xx |||||o 00| ||eng c
035 |a (DE-627)1912481146 
035 |a (DE-599)KXP1912481146 
040 |a DE-627  |b ger  |c DE-627  |e rda 
041 |a eng 
084 |a 2,1  |2 ssgn 
100 1 |a Knight, Raymond A.  |e VerfasserIn  |4 aut 
245 1 0 |a Classifying Sexual Offenders: The Development and Corroboration of Taxonomic Models 
264 1 |b Plenum  |c 1990 
336 |a Text  |b txt  |2 rdacontent 
337 |a Computermedien  |b c  |2 rdamedia 
338 |a Online-Ressource  |b cr  |2 rdacarrier 
700 1 |a Prentky, R. A.  |d 1947-  |e VerfasserIn  |0 (DE-588)1076179118  |0 (DE-627)83452113X  |0 (DE-576)165061189  |4 aut 
773 0 8 |i Enthalten in  |t The Handbook of Sexual Assault: Issues, Theories, and Treatment of the Offender  |g (1990), NCJ 125291, Seite 23-52 
773 1 8 |g year:1990  |g number:NCJ 125291  |g pages:23-52 
787 0 8 |i Forschungsdaten  |a Prentky, Robert  |t Dangerous Sex Offenders: Classifying, Predicting, and Evaluating Outcomes of Clinical Treatment in Bridgewater, Massachusetts, 1982-1985  |d [Erscheinungsort nicht ermittelbar] : [Verlag nicht ermittelbar], 1989  |w (DE-627)1840064048 
787 0 8 |i Forschungsdaten  |a Prentky, R. A.  |t Classification of Rapists in Massachusetts, 1980-1990  |d [Erscheinungsort nicht ermittelbar] : [Verlag nicht ermittelbar], 1995  |w (DE-627)1840067926 
856 4 0 |u https://www.ncjrs.gov/App/Publications/abstract.aspx?ID=125291  |x Verlag  |z lizenzpflichtig  |3 Volltext  |7 1 
935 |a mkri 
951 |a AR 
ELC |a 1 
LOK |0 000 xxxxxcx a22 zn 4500 
LOK |0 001 4637446643 
LOK |0 003 DE-627 
LOK |0 004 1912481146 
LOK |0 005 20241217044225 
LOK |0 008 241217||||||||||||||||ger||||||| 
LOK |0 035   |a (DE-2619)ICPSR17406 
LOK |0 040   |a DE-2619  |c DE-627  |d DE-2619 
LOK |0 092   |o n 
LOK |0 852   |a DE-2619 
LOK |0 852 1  |9 00 
LOK |0 935   |a uvkn  |a nacp 
LOK |0 939   |a 17-12-24  |b l01 
ORI |a SA-MARC-krimdoka001.raw